| 000 | 00622cam a22002053a 4500 | ||
|---|---|---|---|
| 001 | 40574 | ||
| 003 | PGUSA | ||
| 005 | 20140828083915.0 | ||
| 008 | 120824s2012||||xxu|||||s|||||000 | eng d | ||
| 040 |
_aPGUSA _beng |
||
| 042 | _adc | ||
| 100 | 1 |
_aInman, Henry, _d1837-1899 |
|
| 245 | 1 | 4 |
_aThe Ranche on the Oxhide : _bA Story of Boys' and Girls' Life on the Frontier _h[electronic resource] / _cHenry Inman |
| 260 |
_bProject Gutenberg, _c2012 |
||
| 506 | _aPublic domain in the USA. | ||
| 516 | _aElectronic text | ||
| 830 | 0 |
_aProject Gutenberg _v40574 |
|
| 856 | 4 | 0 | _uhttp://www.gutenberg.org/ebooks/40574 |
| 942 | _cEB | ||
| 999 |
_c269827 _d269827 |
||